|
|
|
|
| LEADER |
00000nam2a2200000 4500 |
| 001 |
148371 |
| 005 |
20231101221347.0 |
| 010 |
|
|
|a 982983829
|
| 035 |
|
|
|a (RuTPU)RU\TPU\book\160839
|
| 090 |
|
|
|a 148371
|
| 100 |
|
|
|a 20081201d2008 k y0rusy50 ca
|
| 101 |
0 |
|
|a rus
|
| 102 |
|
|
|a RU
|
| 105 |
|
|
|a a z 101zy
|
| 200 |
0 |
|
|a Т. 1: Полезные ископаемые
|
| 210 |
|
|
|d 2008
|
| 215 |
|
|
|a 573 с.
|c ил.
|
| 320 |
|
|
|a Библиогр. в конце докладов
|
| 330 |
|
|
|a Сборник содержит материалы международного научно-практического форума, посвященного 100-летию первого выпуска горных инженеров в Сибири и 90-летию Сибгеолкома, в которых рассматриваются вопросы изучения и освоения минерально-сырьевой базы Сибири, проблемы геологии месторождений нефти, газа, урана, золота, железных руд и других полезных ископаемых. Освещены правовые, экономические, организационные аспекты и предложения по инновационным разработкам в геологоразведочном деле, добычном производстве, транспорте минерального сырья. Представлена история Сибирской геологии и литературно-художественные произведения различных жанров, написанные геологами. Статьи даны в авторской редакции.
|
| 461 |
|
1 |
|0 (RuTPU)RU\TPU\book\161663
|t Минерально-сырьевая база Сибири: история становления и перспективы
|o материалы научно-практической конференции
|f Томская область, Администрация ; Томский политехнический университет (ТПУ) ; гл. ред. В. А. Домаренко
|v Т. 1: Полезные ископаемые
|d 2008
|
| 606 |
1 |
|
|a Минеральное сырье
|x Геология
|2 stltpush
|3 (RuTPU)RU\TPU\subj\44017
|9 63405
|
| 606 |
1 |
|
|a Месторождения полезных ископаемых
|y Сибирь
|2 stltpush
|3 (RuTPU)RU\TPU\subj\68109
|9 83639
|
| 610 |
1 |
|
|a минерально-сырьевые базы
|
| 610 |
1 |
|
|a материалы конференций
|
| 610 |
1 |
|
|a полезные ископаемые
|
| 610 |
1 |
|
|a энергетическое сырье
|
| 610 |
1 |
|
|a железо
|
| 610 |
1 |
|
|a цветные металлы
|
| 610 |
1 |
|
|a редкие металлы
|
| 610 |
1 |
|
|a благородные металлы
|
| 610 |
1 |
|
|a нерудное сырье
|
| 610 |
1 |
|
|a гидрогеология
|
| 610 |
1 |
|
|a геоэкология
|
| 610 |
1 |
|
|a Коллекция История ТПУ
|
| 675 |
|
|
|a 553.04
|v 3
|
| 675 |
|
|
|a 553(571)
|v 3
|
| 801 |
|
1 |
|a RU
|b 63413507
|c 20081201
|g PSBO
|
| 801 |
|
2 |
|a RU
|b 63413507
|c 20210203
|g PSBO
|
| 900 |
|
|
|a Основы учения о полезных ископаемых
|
| 942 |
|
|
|c BK
|